000 01553nam a2200325 a 4500
001 60491
003 BD-RjUL
005 20211209080841.0
008 170101s1996 bg b s o000 0 eng d
020 _a9845082351
_c: Tk. 400.00
035 _a(BD-RjUL) 60615
035 _a(OCoLC)ocm27450619
035 _a(NNC)1450898
040 _aDLC
_cDLC
_dDLC
_dBD-RjUL
_beng
041 0 _aengben
082 _223
_a304.6095492021
_bNET 1996 (CS)
110 _aBangladesh Bureau Of Statistics.
_9179266
245 1 0 _aBangladesh population census, 1991 = বাংলাদেশ আদমশুমারী, ১৯৯১ :
_bCommunity series, Zila: Netrokona = কমিউনিটি সিরিজ,জেলা: নেত্রকোনা /
_cBangladesh Bureau Of Statistics.
246 _aবাংলাদেশ আদমশুমারী, ১৯৯১ :
_bকমিউনিটি সিরিজ, জেলা: নেত্রকোনা
260 _aDhaka :
_bBBS,
_c1996.
300 _axiv, 330 p. :
_bIll. ;
_c28 cm.
490 _aCommunity series, Zila: Netrokona
490 _aকমিউনিটি সিরিজ, জেলা: নেত্রকোনা
500 _aPrefatory matter in Bengali and English.
651 _aBangladesh
_z Netrokona
_vCensus,1991
_9180056
651 _aBangladesh
_zNetrokona
_xPopulation
_vStatistics.
_9180057
830 _aCommunity series, Zila: Netrokona
_9180058
830 _aকমিউনিটি সিরিজ, জেলা: নেত্রকোনা
_9181482
942 _2ddc
_cRAR
999 _c60491
_d60491